000 00857nam0a22002531 4500
001 rc\2169631
005 20250622235946.0
035 _a(NLR Aleph) 006481840
090 _a6041825
_c6041825
100 _a20110829d1978 |||y0rusy50 ca
101 0 _arus
102 _aRU
105 _aa c |||||
200 1 _aУказания по математической обработке результатов измерений
210 _aЛенинград
_cБ. и.
_d1978
215 _a20 с.
_cил.
_d21
300 _aВ надзаг.: Лаб. общ. и спец. физ. практикума. Каф. общ. физики № 2 физ. фак. ЛГУ
700 1 _aВасильев
_bО.Б.
701 1 _aГригорьев
_bР.В.
801 0 _aRU
_bNLR
_gpsbo
801 1 _aRU
_bELAR
_2rusmarc
852 _aNLR
_j78-4/25065
942 _cBOOK
980 _aNB